| 000 | 00366 a2200121 4500 | ||
|---|---|---|---|
| 001 | ART_45204 | ||
| 005 | 20260410161925.0 | ||
| 008 | 260409a | ||
| 245 | 1 | 0 | _aPrivate demands for public goods |
| 100 | 1 | _aBergstrom, Theodore C. | |
| 700 | 1 | _aGoodman, Robert P. | |
| 773 | 0 |
_tThe American Economic Review _g- Vol. 63,NÂș 3 (jun. 1973) _wREV16190 |
|
| 999 |
_c28042 _d28042 |
||